000 00307nam a2200109Ia 4500
008 201224s9999 xx 000 0 und d
100 _aChatterji, Joya
245 0 _aBengal Divided : High Communalism and Partition 1932 - 1947
260 _aCambridge
_bCambridge University Press
300 _a303
942 _cBK
999 _c8945
_d8945